000
00297nam a22001337a 4500
008
170726b xxu||||| |||| 00| 0 eng d
020
_a
9780071601436
041
_a
eng
080
_a
004
100
_a
31
101
_a
SHK
245
_a
ANALYTICS & DATA VISUALIZATION
_c
HARTS,D
942
_2
udc
_c
BK
999
_c
21965
_d
21965